El método de pellizco térmico de diseño de redes de intercambiadores de calor : su utilidad en la industria de Costa Rica
Bewaard in:
| Hoofdauteur: | |
|---|---|
| Formaat: | Boek |
| Gepubliceerd in: |
San José, Costa Rica
1990
|
| Onderwerpen: | |
| Tags: |
Voeg label toe
Geen labels, Wees de eerste die dit record labelt!
|
MARC
| LEADER | 00000nam a2200000Ia 4500 | ||
|---|---|---|---|
| 003 | 005230 | ||
| 005 | 20221231144327.0 | ||
| 008 | 140114s1990 cr a m 000 ||s d | ||
| 040 | |c cru CEDI | ||
| 090 | |a TFG 2485 | ||
| 100 | |a Fung Ho, Víctor |9 12642 | ||
| 245 | |a El método de pellizco térmico de diseño de redes de intercambiadores de calor : su utilidad en la industria de Costa Rica | ||
| 260 | |c 1990 |a San José, Costa Rica | ||
| 300 | |a xviii, 180 hojas : ilustraciones ; 28 cm. | ||
| 500 | |a Proyecto de graduación (licenciatura en ingeniería mecánica)--Universidad de Costa Rica. Facultad de Ingeniería. Escuela de Ingeniería Mecánica | ||
| 650 | |x TERMODINAMICA |x METODO DE PELLIZCO TERMICO |9 12712 | ||
| 942 | |c TFG | ||
| 999 | |c 20215 |d 20215 | ||
